00321nam a2200121Ia 4500008004100000100002800041245003500069260002800104300000900132650003400141942000700175999001700182190216s9999||||xx |||||||||||||| ||und|| aThree Decades Of Kerala 0aKeralathinte Moonnu Dasakangal bKerala Basha Instc1988 a134p aKerala History-Kerala History cBK c40489d40489